100K+ Cities in Korea - Statistics

General Stats
  • This quiz has been taken 26 times
  • The average score is 23 of 95
Answer Stats
Population Country City % Correct
3,179,551 South Korea Busan
100%
9,586,195 South Korea Seoul
100%
2,410,700 South Korea Daegu
92%
2,860,142 South Korea Incheon
79%
2,521,785 North Korea Pyongyang
79%
1,488,435 South Korea Daejeon
67%
385,141 South Korea Gwangju
67%
1,135,423 South Korea Ulsan
67%
703,610 North Korea Hamhung
58%
1,210,150 South Korea Suwon
54%
328,467 North Korea Wonsan
50%
501,109 South Korea Pohang
46%
542,336 South Korea Anyang
42%
1,029,389 South Korea Changwon
42%
614,892 North Korea Chongjin
42%
1,045,497 South Korea Goyang
42%
1,066,975 South Korea Yongin
42%
717,345 South Korea Ansan
38%
833,148 South Korea Bucheon
38%
855,326 South Korea Cheongju
38%
416,603 South Korea Gumi
38%
192,578 North Korea Kaesong
38%
666,517 South Korea Jeonju
33%
310,531 North Korea Nampo
33%
216,542 South Korea Gangneung
29%
474,546 South Korea Gimpo
29%
552,427 South Korea Gimhae
25%
460,541 South Korea Paju
25%
542,522 South Korea Pyeongtaek
25%
353,933 South Korea Sejong
25%
922,025 South Korea Seongnam
25%
449,572 South Korea Uijeongbu
25%
269,023 South Korea Gunsan
21%
880,859 South Korea Hwaseong
21%
174,015 North Korea Hyesan
21%
696,033 South Korea Namyangju
21%
158,337 North Korea Rason
21%
271,434 North Korea Sariwon
21%
334,031 North Korea Sinuiju
21%
682,199 South Korea Cheonan
17%
284,645 South Korea Chuncheon
17%
275,571 South Korea Gunpo
17%
1,477,573 South Korea Gwanju
17%
285,312 South Korea Iksan
17%
251,971 North Korea Kanggye
17%
224,509 South Korea Mokpo
17%
352,429 South Korea Wonju
17%
113,352 South Korea Yeoju
17%
159,412 South Korea Andong
13%
167,646 North Korea Anju
13%
203,030 South Korea Anseong
13%
102,659 North Korea Chongju
13%
246,965 South Korea Geoje
13%
139,145 South Korea Gimcheon
13%
192,051 South Korea Guri
13%
298,116 South Korea Gwangmyeong
13%
143,928 South Korea Gwangyang
13%
261,778 South Korea Gyeongju
13%
283,733 South Korea Gyeongsan
13%
241,599 North Korea Haeju
13%
279,795 South Korea Hanam
13%
226,212 South Korea Icheon
13%
352,403 South Korea Jinju
13%
103,228 South Korea Miryang
13%
119,707 South Korea Nonsan
13%
157,939 South Korea Pocheon
13%
236,583 North Korea Pyongsong
13%
111,184 South Korea Sacheon
13%
535,147 South Korea Siheung
13%
272,449 South Korea Suncheon
13%
160,230 South Korea Uiwang
13%
315,206 South Korea Yangsan
13%
271,505 South Korea Yeosu
13%
218,412 South Korea Chungju
8%
108,333 South Korea Gongju
8%
134,678 South Korea Jecheon
8%
106,706 South Korea Jeongeup
8%
262,389 North Korea Kaechon
8%
113,293 South Korea Naju
8%
240,645 South Korea Osan
8%
176,379 South Korea Seosan
8%
127,984 South Korea Tongyeong
8%
233,286 South Korea Yangju
8%
103,818 South Korea Yeongju
8%
102,436 North Korea Chollima
4%
119,848 North Korea Kangso
4%
155,284 North Korea Kimchaek
4%
155,181 North Korea Kusong
4%
240,873 North Korea Tanchon
4%
210,571 North Korea Tokchon
4%
100,353 South Korea Yeongcheon
4%
168,955 South Korea Danjin
0%
136,093 North Korea Huichong
0%
130,951 North Korea Simpo
0%
250,738 North Korea Sunchon
0%
No matching quizzes found
Score Distribution
Percent of People with Each Score
Percentile by Number Answered
Your Score History
You have not taken this quiz